000 00533nam a2200169Ia 4500
008 140925s9999 xx 000 0 und d
245 _aPolish Journal of Sport and Tourism /
_h[electronic resource]
260 _b Walter de Gruyter GmbH,
_cc2014.
516 _aElectronic text
650 _aJournal.
650 _aSports.
650 _aTourism.
830 _a Walter de Gruyter GmbH
856 _uhttp://www.degruyter.com/view/j/pjst.2013.20.issue-2/issue-files/pjst.2013.20.issue-2.xml
942 _cEJ
999 _c275757
_d275757